000 00598nam a2200229Ia 4500
003 OSt
005 20221006170107.0
006 a|||||r|||| 00| 0
007 ta
008 221006b |||||||| |||| 00| 0 hin d
024 _a4,404
037 _cTextual
040 _aFML
_cFML
_bhin
041 _2hin
_ahin
082 _aNR44,1, P9
100 _aChatterjee Gautm Au.
_9681078
245 0 _aSangeet Vimarsh
260 _aVaranasi
_bAbhinavgupt Acadmy India
_c2009
300 _ap.
_ccm.
942 _hNR44,1, P9
_cTEXL
_2CC
999 _c1122977
_d1122977